Ekal prayas एकल प्रयास : (Record no. 83180)
[ view plain ]
| 000 -LEADER | |
|---|---|
| fixed length control field | 00939nas a22001937a 4500 |
| 005 - DATE AND TIME OF LATEST TRANSACTION | |
| control field | 20140326164846.0 |
| 006 - FIXED-LENGTH DATA ELEMENTS--ADDITIONAL MATERIAL CHARACTERISTICS--GENERAL INFORMATION | |
| fixed length control field | a|||||r|||| 00| 0 |
| 007 - PHYSICAL DESCRIPTION FIXED FIELD--GENERAL INFORMATION | |
| fixed length control field | ta |
| 008 - FIXED-LENGTH DATA ELEMENTS--GENERAL INFORMATION | |
| fixed length control field | 140326b xxu||||| |||| 00| 0 eng d |
| 245 ## - TITLE STATEMENT | |
| Title | Ekal prayas एकल प्रयास : |
| Remainder of title | a family magazine with social concern सामाजिक सरोकार की पारिवारिक पत्रिका / |
| Statement of responsibility, etc | edited by Ajay Singh |
| 246 ## - VARYING FORM OF TITLE | |
| Title proper/short title | एकल प्रयास : |
| Remainder of title | सामाजिक सरोकार की पारिवारिक पत्रिका |
| 260 ## - PUBLICATION, DISTRIBUTION, ETC. (IMPRINT) | |
| Place of publication, distribution, etc | New Delhi |
| Name of publisher, distributor, etc | Ajay Singh, Ekal Sansthan, |
| Date of publication, distribution, etc | 2013 |
| 300 ## - PHYSICAL DESCRIPTION | |
| Extent | v. |
| Dimensions | 24 cm (Pbk) |
| 310 ## - CURRENT PUBLICATION FREQUENCY | |
| Current publication frequency | quarterly |
| 700 ## - ADDED ENTRY--PERSONAL NAME | |
| Personal name | Ajay Singh, Ed. |
| 856 ## - ELECTRONIC LOCATION AND ACCESS | |
| Uniform Resource Identifier | <a href="http://ekalprayas.org/">http://ekalprayas.org/</a> |
| 270 ## - ADDRESS | |
| Address | Ist Floor, Plot No 8, Universal chambers, DDA shopping complex, Okhla Industrial Area-II |
| City | New Delhi |
| Postal code | 110020 |
| Telephone number | 40503331 |
| Electronic mail address | ekalprayas@gmail.com |
| Public note | ekalprayas.org |
| 942 ## - ADDED ENTRY ELEMENTS (KOHA) | |
| Source of classification or shelving scheme | Dewey Decimal Classification |
| Item type | Periodicals |
| Serial record | 1 |
| Withdrawn status | Lost status | Source of classification or shelving scheme | Damaged status | Not for loan | Collection code | Home library | Current library | Date acquired | Total Checkouts | Date last seen | Price effective from | Koha item type |
|---|---|---|---|---|---|---|---|---|---|---|---|---|
| Dewey Decimal Classification | Not For Loan | Non-fiction | D.B.Act.Division | D.B.Act.Division | 26/03/2014 | 26/03/2014 | 26/03/2014 | Periodicals |
